=LDR 00000nam 2200000 4500 =001 INLIS000000000061141 =005 20220824111340 =035 ##$$a 0010-0822000051 =007 ta =008 220824###########################0#ind## =082 ##$$a 297.371 =084 ##$$a 297.371 Muh m =100 #$$a Muhammad Muhibbuddin =245 1#$$a Membaca Pikiran Setan /$c Muhammad Muhibbuddin =260 ##$$a yogyakarta :$b Najah,$c 2011 =300 ##$$a 184 halaman ; $c 21 cm =650 #4$$a Jin dan Setan =990 ##$$a 21702170